Missing Word: Seinfeld Cast Quiz Stats

 Plays Quiz Updated Jan 22, 2015

Challenge
Share
Tweet
Embed
Score 0/20 Timer 04:00
1 Play Today
Hint Answer % Correct
Wayne KnightPark
98.7%
Wayne KnightStory
98.6%
Bryan CranstonPrivate
97.9%
Patrick WarburtonMen
97.6%
Jason AlexanderHunchback
96.1%
Bryan CranstonPanda
94.2%
Jason AlexanderWoman
93%
Wayne KnightBasic
89.5%
Jason AlexanderBullwinkle
88.8%
Bryan CranstonSunshine
88.4%
Hint Answer % Correct
Bryan CranstonRecall
87.2%
Bryan CranstonAges
85.9%
Patrick WarburtonGroove
82.7%
Jason AlexanderHal
82.3%
Patrick WarburtonLittle
79.8%
Patrick WarburtonMovie
69.4%
Wayne KnightDancing
63.5%
Wayne KnightJam
60.8%
Patrick WarburtonSherman
47.1%
Jason AlexanderDog's
21.3%

Today's Daily Dose

You're not logged in!

Compare scores with friends on all Sporcle quizzes.
OR
Log In

You Might Also Like...

Show Comments

Extras

Top Quizzes Today


Score Distribution

Your Account Isn't Verified!

In order to create a playlist on Sporcle, you need to verify the email address you used during registration. Go to your Sporcle Settings to finish the process.

Report this User

Report this user for behavior that violates our Community Guidelines.

Details: